|
|
|
|
| LEADER |
00000nam a2200000 a 4500 |
| 001 |
vtls008323086 |
| 003 |
SK-MaSNL |
| 005 |
20260302052006.0 |
| 008 |
181127s1959 xo 000 slo |
| 015 |
|
|
|a SKSNBA1959/04-00656
|
| 035 |
|
|
|a SK01SNK19590015303
|
| 035 |
|
|
|a SKM000017766
|
| 040 |
|
|
|a SNK
|b slo
|c SNK
|e AACR2
|
| 041 |
1 |
|
|a slo
|
| 044 |
|
|
|a xo
|c SK
|
| 080 |
|
|
|a 64-1/-9(035)
|2 1981
|
| 100 |
1 |
|
|a Janovjak, Štefan
|4 aut
|9 643785
|
| 245 |
1 |
0 |
|a Na pomoc domácemu opravárovi
|c Štefan Janovjak
|
| 250 |
|
|
|a 3. preprac. vyd.
|
| 260 |
|
|
|a Bratislava
|b Práca
|c 1959
|e Bratislava
|f Polygrafické závody
|
| 300 |
|
|
|a ? [3] s.
|c 8°
|
| 490 |
1 |
|
|a Praktické príručky práce
|v zv. 2
|
| 500 |
|
|
|a Ilustr. Vecný reg. Tab.
|
| 563 |
|
|
|a 6250 výtl.
|
| 650 |
0 |
7 |
|a domácnosť
|x opravy
|x príručky
|2 SNK
|9 708310
|
| 650 |
0 |
7 |
|a opravy
|x domácnosti
|x príručky
|2 SNK
|9 666435
|
| 655 |
|
7 |
|a príručky
|2 SNKPH
|9 74364
|
| 830 |
|
0 |
|a Praktické príručky práce
|9 307080
|
| 852 |
|
|
|a Slovenská národná knižnica v Martine
|b 10000
|h SD 17107
|
| 852 |
|
|
|a Slovenská národná knižnica v Martine
|b 10000
|h SD 17107 D1
|
| 919 |
|
|
|a viaz.
|
| 958 |
|
|
|a OND
|
| 958 |
|
|
|a TL
|
| 958 |
|
|
|a RK
|
| 999 |
|
|
|c 1103339
|d 1105269
|
| 952 |
|
|
|a SNK
|b SNK
|y PREZ
|7 0
|p 17A0616065
|o snkSD 17107
|i snkKSP 1449/59
|0 0
|1 0
|4 0
|d 2009-03-23
|l 0
|r 2025-12-01 00:00:00
|w 2026-02-24
|